00350nam a2200133 450000500170000010000370001724500210005426400360007530000180011133600220012933700240015133800240017599900170019920260530113846.01 aThe partners of Pentagram93078610aLiving by design 1bLund Humphries Publishersc1978 a300 páginas atexto2rdacontent asin medio2rdamedia avolumen2rdacarrier c11312d11312